00393nam a2200157Ia 4500001000500000005001700005008004100022041000800063082002000071100004300091245004800134260000900182300002800191650000800219654000800227969820260306161737.0260306t2015||||xx |||||||||||||| ||spa|| aESP a398.20985bP34M aPease García Yrigoyen, FranklineAUT 0aEl mar peruano:b: mitos andinos y europeos c2015 a199 páginas :c24 cm. aGEN aCHU